=LDR 00000nam 2200000 4500 =001 INLIS000000000061523 =005 20221226030608 =035 ##$$a 0010-1022000264 =007 ta =008 221226###########################0###### =082 ##$$a 910.398 65 =084 ##$$a 910.398 65 Nus k =245 1#$$a Kajian Analisa Pasar Potensial Nusa Tenggara Barat /$c Nusa Tenggara Barat, Dinas Pariwisata =260 ##$$a Mataram :$b Dinas Pariwisata Provinsi Nusa Tenggara Barat,$c 2019 =300 ##$$a vi, 60 halaman ; $c 23 cm. =650 #4$$a Pariwisata Lombok Sumbawa =110 ##$$a Nusa Tenggara Barat, Dinas Pariwisata =990 ##$$a 450/51/22